000 00570nam a2200181Ia 4500
008 151018s9999 xx 000 0 und d
082 _bRBASDV5178
_a891.463
100 _aमंगेश पाडगांवकर
245 _aउत्सव
250 _b1
260 _bपॉप्युलर प्रकाशन मुंबई
_c1962
300 _a88
600 _aमंगेश पाडगांवकर
630 _aउत्सव
700 _aमंगेश पाडगांवकर
730 _aउत्सव
942 _cBOOK
999 _c1007561
_d1007558